000 00662nam a2200253Ia 4500
003 OSt
005 20221005031957.0
006 a|||||r|||| 00| 0
007 ta
008 221004b |||||||| |||| 00| 0 tam d
020 _c05
024 _a64518
037 _cTextual
040 _aCRL
_cCRL
_btam
041 _2tam
_atam
082 _aO31:g, K51.2;1
100 _aPillai S.Vaiyapuri Au.
245 0 _aIlakkiya Udhayam
260 _aChennai
_bTamil Puthakalayam India
_c1963
300 _a310p.
_ccm.
650 _aTAMIL LITERATURE
942 _hO31:g, K51.2;1
_cTEXL
_2cc
999 _c938818
_d938818